| 000 | 00826cam a2200229 a 4500 | ||
|---|---|---|---|
| 005 | 20191224041709.0 | ||
| 008 | 040512s2003 ck a gr 00010 spa d | ||
| 015 | _ack-2003-xxxx | ||
| 020 | _a9589679285 | ||
| 040 |
_ala _cla _dCO-BoIAVH |
||
| 041 | 0 | _aspa | |
| 082 | 0 | 4 |
_a333.72 _bC67i |
| 110 | 2 | _aCorporación Autónoma Regional de Cundinamarca. | |
| 245 | 1 | 0 |
_aInventario y diagnóstico de los recursos naturales renovables en el territorio de la CAR : _bsíntesis del documento / _cCorporación Autónoma Regional de Cundinamarca. |
| 260 |
_aBogotá : _bCAR, _c2003. |
||
| 300 |
_a207 p. : _bil. ; _c28 cm. |
||
| 650 | 6 |
_aRecursos naturales renovables _x Administración. |
|
| 650 | 6 | _aGestión ambiental. | |
| 650 | 4 | _aControl ambiental. | |
| 942 |
_2ddc _cLIBRO |
||
| 949 |
_ac _bc |
||
| 999 |
_c3600 _d3600 |
||